000 00362nam a2200169Ia 4500
001 2507
005 20250626025140.0
008 211022s9999 xx 000 0 und d
082 _a150 HUS
100 _aHusain, Karamat
245 0 _aElements of Psychology
260 _aKarachi
260 _bM. R. Brothers
260 _c1993
300 _a340
942 _cBK
999 _c2132
_d2132